|
|
|
|
| LEADER |
00000nam2a2200000 4500 |
| 001 |
255065 |
| 005 |
20231101233007.0 |
| 035 |
|
|
|a (RuTPU)RU\TPU\book\277568
|
| 035 |
|
|
|a RU\TPU\book\277565
|
| 090 |
|
|
|a 255065
|
| 100 |
|
|
|a 20140326d1989 k y0rusy50 ca
|
| 101 |
0 |
|
|a rus
|
| 102 |
|
|
|a RU
|
| 105 |
|
|
|a a z 001zy
|
| 200 |
0 |
|
|a Т. 23
|f гл. ред. Л. И. Седов
|
| 210 |
|
|
|d 1989
|
| 215 |
|
|
|a 324 с.
|c ил.
|
| 320 |
|
|
|a Библиография в конце обзоров.
|
| 461 |
|
1 |
|0 (RuTPU)RU\TPU\book\44304
|x 0202-781X
|t Механика жидкости и газа
|f Академия наук СССР (АН СССР), Всесоюзный институт научной и технической информации (ВИНИТИ)
|v Т. 23
|d 1966-1991
|s Механика жидкости и газа
|
| 606 |
1 |
|
|a Механика жидкости и газа
|2 stltpush
|3 (RuTPU)RU\TPU\subj\72052
|9 85655
|
| 610 |
1 |
|
|a аэрогидродинамика
|
| 610 |
1 |
|
|a обратные краевые задачи
|
| 610 |
1 |
|
|a уравнения
|
| 610 |
1 |
|
|a решения
|
| 610 |
1 |
|
|a радиационный теплообмен
|
| 610 |
1 |
|
|a микромеханика
|
| 675 |
|
|
|a 532
|v 3
|
| 702 |
|
1 |
|a Седов
|b Л. И.
|4 651
|
| 801 |
|
1 |
|a RU
|b 63413507
|c 20110905
|
| 801 |
|
2 |
|a RU
|b 63413507
|c 20140626
|g RCR
|
| 942 |
|
|
|c BK
|